A hermeneutikai jóindularól II.
Elmentve itt :
| Szerző: | |
|---|---|
| Adatforrás: | Philobibl |
| Forrásdokumentuma: | Többlet 17.2025:1. (34.) 121-136. p. |
| Dokumentumtípus: | Cikk |
| Nyelv: | magyar |
| Kulcsszavak: | hermeneutika jóakarat hatalom gyengeség Derrida, J. Gadamer, H-G. |
| LEADER | 00451nab a2200169 c 4500 | ||
|---|---|---|---|
| 001 | bibPHI00001487 | ||
| 005 | 20260522125153.6 | ||
| 008 | 260522s2025 rm 00010 hun d | ||
| 100 | 1 | |a Veress Károly | |
| 245 | 1 | 2 | |a A hermeneutikai jóindularól II. |c Veress Károly |
| 695 | |a hermeneutika | ||
| 695 | |a jóakarat | ||
| 695 | |a hatalom | ||
| 695 | |a gyengeség | ||
| 695 | |a Derrida, J. | ||
| 695 | |a Gadamer, H-G. | ||
| 773 | 0 | |t Többlet |g 17.2025:1. (34.) 121-136. p. | |